Finał Ligi Mistrzów 2016/2017 - składy - Statystyki

Ogólne statystyki
  • Ten quiz został rozwiązany 220 razy
  • Średni wynik to 24 z 30
Statystyki odpowiedzi
Pozycja Narodowość Numer Imię i nazwisko % Poprawnych
Napastnik Portugalia 7 Cristiano Ronaldo
97%
Bramkarz Włochy 1 Gianluigi Buffon
97%
Pomocnik Chorwacja 19 Luka Modrić
97%
Obrońca Hiszpania 4 Sergio Ramos
97%
Rezerwowy Walia 11 Gareth Bale
96%
Napastnik Francja 9 Karim Benzema
96%
Bramkarz Kostaryka 1 Keylor Navas
96%
Pomocnik Niemcy 8 Toni Kroos
96%
Trener Francja # Zinédine Zidane
96%
Obrońca Brazylia 12 Marcelo
95%
Pomocnik Brazylia 14 Casemiro
93%
Obrońca Francja 5 Raphaël Varane
93%
Obrońca Hiszpania 2 Dani Carvajal
92%
Obrońca Włochy 3 Giorgio Chiellini
91%
Obrońca Włochy 19 Leonardo Bonucci
90%
Napastnik Chorwacja 17 Mario Mandžukić
87%
Pomocnik Hiszpania 22 Isco
85%
Pomocnik Bośnia i Hercegowina 5 Miralem Pjanić
84%
Napastnik Argentyna 9 Gonzalo Higuaín
82%
Pomocnik Argentyna 21 Paulo Dybala
78%
Pomocnik Niemcy 6 Sami Khedira
76%
Obrońca Brazylia 12 Alex Sandro
75%
Rezerwowy Kolumbia 7 Juan Cuadrado
74%
Obrońca Włochy 15 Andrea Barzagli
65%
Rezerwowy Hiszpania 20 Marco Asensio
65%
Trener Włochy # Massimiliano Allegri
65%
Obrońca Brazylia 23 Dani Alves
52%
Rezerwowy Włochy 8 Claudio Marchisio
51%
Rezerwowy Hiszpania 21 Alvaro Morata
46%
Rezerwowy Gabon 18 Mario Lemina
31%
Nie znaleziono quizów pasujących do podanych kryteriów
Rozkład punktacji
Procent ludzi z każdym wynikiem
Percentyl według liczby udzielonych odpowiedzi
Twoja historia wyników
Nie rozwiązałeś tego quizu